Štatistická ročenka hlavného mesta SR Bratislavy 2008
Gespeichert in:
| Format: | Buch |
|---|---|
| Sprache: | Slowakisch Englisch |
| Veröffentlicht: |
Bratislava
Štatistický úrad SR - pracovisko ŠÚ SR v Bratislave
2008
|
| Schlagworte: | |
| Tags: |
Keine Tags, Fügen Sie das erste Tag hinzu!
|
MARC
| LEADER | 00000nam$a2200000$$$4500 | ||
|---|---|---|---|
| 001 | 0089715 | ||
| 005 | 20240509072957.9 | ||
| 020 | |a 80-89358-19-9 | ||
| 041 | 0 | |a slo | |
| 041 | 0 | |a eng | |
| 044 | |a SK | ||
| 245 | 1 | 0 | |a Štatistická ročenka hlavného mesta SR Bratislavy 2008 |
| 264 | 1 | |a Bratislava |b Štatistický úrad SR - pracovisko ŠÚ SR v Bratislave |c 2008 | |
| 300 | |a 234 s. | ||
| 610 | 2 | 0 | |a mestá |
| 610 | 2 | 0 | |a Slovensko |
| 610 | 2 | 0 | |a Bratislava |